Glaciers actuels / (Record no. 21775)

MARC details
000 -LEADER
campo de control de longitud fija 00605nam a2200181 i 4500
001 - NÚMERO DE CONTROL
campo de control 21775
003 - IDENTIFICADOR DE NÚMERO DE CONTROL
campo de control ES-MaACL
005 - FECHA Y HORA DE LA ÚLTIMA TRANSACCIÓN
campo de control 20260203063028.0
007 - CAMPO FIJO DE DESCRIPCIÓN FÍSICA--INFORMACIÓN GENERAL
campo de control de longitud fija t|
008 - DATOS DE LONGITUD FIJA--INFORMACIÓN GENERAL
campo de control de longitud fija 021127q1840 sz ||||1| fre d
100 1# - ENTRADA PRINCIPAL--NOMBRE DE PERSONA
Nombre de persona Agassiz, Louis,
Fechas asociadas al nombre 1807-1873
9 (RLIN) 18535
245 10 - MENCIÓN DEL TÍTULO
Título Glaciers actuels /
Mención de responsabilidad, etc. L. Agassiz.
260 ## - PUBLICACIÓN, DISTRIBUCIÓN, ETC.
Lugar de publicación, distribución, etc. Neuchâtel :
Nombre del editor, distribuidor, etc. aux frais de l'auteur ; Soleure : Jent et Gassmann, libraires,
Fecha de publicación, distribución, etc. 1840 ?] (
Fabricante Lith. de A. Sonrel)
300 ## - DESCRIPCIÓN FÍSICA
Extensión IX, [3] h. :
Otras características físicas todos plan. n. y col. ;
Dimensiones 49 cm.
650 #4 - PUNTO DE ACCESO ADICIONAL DE MATERIA--TÉRMINO DE MATERIA
Término de materia o nombre geográfico como elemento de entrada Glaciares.
9 (RLIN) 136187
852 ## - LOCALIZACIÓN
Ubicación ES-MaACL
Número de control de estantería R-2929
Encuadernación Olim:B-7748
Holdings
Estatus retirado Estado de pérdida Estado de daño No para préstamo Colección Biblioteca de origen Biblioteca actual Ubicación en estantería Fecha de adquisición Fuente de adquisición Total de préstamos Signatura topográfica completa Código de barras Visto por última vez Precio de reemplazo Tipo de ítem Koha
        Libros del s. XIX Biblioteca del Ateneo de Madrid Biblioteca del Ateneo de Madrid Depósito 17/01/2008     R-2929 1022381 23/02/2023 23/02/2023 Libro impreso antiguo